Discrete Mathematical Structures With Applications To Computer Science (Record no. 307952)

MARC details
000 -LEADER
fixed length control field 00468nam a2200157Ia 4500
008 - FIXED-LENGTH DATA ELEMENTS--GENERAL INFORMATION
fixed length control field 230718s9999 xx 000 0 und d
041 ## - LANGUAGE CODE
Language code of text/sound track or separate title eng
082 ## - DEWEY DECIMAL CLASSIFICATION NUMBER
Classification number 511.3
Item number TRE
100 ## - MAIN ENTRY--PERSONAL NAME
Personal name Tremblay J.P.
9 (RLIN) 121170
245 ## - TITLE STATEMENT
Title Discrete Mathematical Structures With Applications To Computer Science
260 ## - PUBLICATION, DISTRIBUTION, ETC. (IMPRINT)
Date of publication, distribution, etc. 2003
Name of publisher, distributor, etc. Tata McGraw-Hill
300 ## - PHYSICAL DESCRIPTION
Extent 606
365 ## - TRADE PRICE
Currency code Rs.
Price amount 250.00
700 ## - ADDED ENTRY--PERSONAL NAME
Personal name Tremblay J.P. & Manohar R.
906 ## - LOCAL DATA ELEMENT F, LDF (RLIN)
d B:5209/19.07.200428-Aug-2005
c MATHS
b 50
Holdings
Withdrawn status Lost status Damaged status Not for loan Home library Current library Date acquired Vendor Budget Code Cost, normal purchase price Bill number Total Checkouts Full call number Barcode Date last seen Discount Cost, replacement price Bill Date Koha item type Original Barcode
        Cummins College of Engineering for Women Pune Cummins College of Engineering for Women Pune 25/07/2004 Technical Book Services MATHS 200.00 5209/19.07.2004   511.3 CCEP-BK-19159 18/07/2023 50 250.00 28/08/2005 Books 019159